Religion Sorting Blitz Quiz Stats

 Plays Quiz Updated May 28, 2014

Support Sporcle.
Go Orange.
Score 0/32 Timer 02:00
0 Plays Today
% Correct
???
65.2%
???
63.2%
???
61.1%
???
60.6%
???
59.7%
???
58.3%
???
57.6%
???
56.9%
???
56%
???
55.9%
???
55.5%
???
54.9%
???
54.9%
???
54.6%
???
52.8%
???
49.5%
% Correct
???
49.3%
???
47.9%
???
46.4%
???
46.2%
???
45.8%
???
43.5%
???
42.8%
???
42.6%
???
40%
???
36.7%
???
36.7%
???
36.7%
???
35.1%
???
34.9%
???
27.3%
???
24.8%

You're not logged in!

Compare scores with friends on all Sporcle quizzes.
OR
Log In

From the Vault

60 in 60

by RobPro

If you're not fast, you'll be gone in sixty seconds.
Remove Ads.
Support Sporcle.
Get the best of Sporcle when you Go Orange. This ad-free experience offers more features, more stats, and more fun while also helping to support Sporcle. Thank you for becoming a member.

Show Comments

Extras

Top Quizzes Today


Score Distribution

Your Account Isn't Verified!

In order to create a playlist on Sporcle, you need to verify the email address you used during registration. Go to your Sporcle Settings to finish the process.

Report this User

Report this user for behavior that violates our Community Guidelines.

Details: